[Event "ODJM B 2024"]
[Site "Willingen GER"]
[Date "2024.05.19"]
[Round "1"]
[White "Rössling, Laura Marie"]
[Black "Frydel, Marcel"]
[Result "0-1"]
[Termination "normal"]
[Board "24"]
[WhiteElo "1599"]
[BlackElo "1692"]
[WhiteClock "00:21:41"]
[BlackClock "00:35:41"]
[PlyCount "46"]
[WhiteFideId "16289471"]
[BlackFideId "16245733"]
[EventCountry "GER"]
[EventRounds "9"]
[EventType "swiss"]
[EventDate "2024.05.18"]

1. e4 {[%clk 01:30:56]} {[%emt 00:00:04]} e5 {[%clk 01:30:58]} {[%emt
00:00:03]} 2. Nf3 {[%clk 01:31:14]} {[%emt 00:00:11]} Nf6 {[%clk 01:31:23]}
{[%emt 00:00:05]} 3. d4 {[%clk 01:31:28]} {[%emt 00:00:17]} Nxe4 {[%clk
01:31:43]} {[%emt 00:00:10]} 4. Bd3 {[%clk 01:31:28]} {[%emt 00:00:28]} d5
{[%clk 01:31:42]} {[%emt 00:00:32]} 5. Nxe5 {[%clk 01:31:15]} {[%emt 00:00:43]}
Nd7 {[%clk 01:30:53]} {[%emt 00:01:20]} 6. Nxd7 {[%clk 01:30:59]} {[%emt
00:00:46]} Bxd7 {[%clk 01:30:57]} {[%emt 00:00:25]} 7. Nd2 {[%clk 01:30:17]}
{[%emt 00:01:11]} Nxd2 {[%clk 01:30:35]} {[%emt 00:00:53]} 8. Bxd2 {[%clk
01:30:32]} {[%emt 00:00:14]} Bd6 {[%clk 01:29:37]} {[%emt 00:01:30]} 9. O-O
{[%clk 01:29:17]} {[%emt 00:01:44]} Qh4 {[%clk 01:23:16]} {[%emt 00:06:51]} 10.
g3 {[%clk 01:14:29]} {[%emt 00:15:15]} Qh3 {[%clk 01:13:27]} {[%emt 00:10:22]}
11. Re1+ {[%clk 01:09:23]} {[%emt 00:05:35]} Be6 {[%clk 01:12:26]} {[%emt
00:01:32]} 12. a4 {[%clk 00:58:45]} {[%emt 00:11:05]} h5 {[%clk 01:03:53]}
{[%emt 00:09:06]} 13. Qf3 {[%clk 00:56:05]} {[%emt 00:03:06]} O-O-O {[%clk
00:59:30]} {[%emt 00:04:57]} 14. b4 {[%clk 00:53:09]} {[%emt 00:03:23]} h4
{[%clk 00:57:56]} {[%emt 00:02:07]} 15. Qg2 {[%clk 00:49:51]} {[%emt 00:03:44]}
hxg3 {[%clk 00:56:20]} {[%emt 00:02:11]} 16. fxg3 {[%clk 00:44:07]} {[%emt
00:06:14]} Qg4 {[%clk 00:47:41]} {[%emt 00:09:09]} 17. c3 {[%clk 00:41:39]}
{[%emt 00:02:52]} Rh3 {[%clk 00:45:32]} {[%emt 00:02:46]} 18. Re3 {[%clk
00:37:35]} {[%emt 00:04:30]} Rdh8 {[%clk 00:42:35]} {[%emt 00:03:31]} 19. Bf1
{[%clk 00:31:45]} {[%emt 00:06:09]} Qh5 {[%clk 00:35:55]} {[%emt 00:07:20]} 20.
Re2 {[%clk 00:25:50]} {[%emt 00:06:24]} Bg4 {[%clk 00:35:20]} {[%emt 00:01:06]}
21. Rf2 {[%clk 00:25:54]} {[%emt 00:00:23]} Bxg3 {[%clk 00:35:21]} {[%emt
00:00:32]} 22. Qxh3 {[%clk 00:21:18]} {[%emt 00:05:06]} Bxf2+ {[%clk 00:35:21]}
{[%emt 00:00:29]} 23. Kxf2 {[%clk 00:21:41]} {[%emt 00:00:07]} Bxh3 {[%clk
00:35:41]} {[%emt 00:00:11]} 0-1

[Event "ODJM B 2024"]
[Site "Willingen GER"]
[Date "2024.05.19"]
[Round "1"]
[White "Fettig, Michel"]
[Black "Barthelmes, Venice"]
[Result "1-0"]
[Termination "normal"]
[Board "25"]
[WhiteElo "1680"]
[BlackElo "1655"]
[WhiteClock "01:40:55"]
[BlackClock "00:17:11"]
[PlyCount "115"]
[WhiteFideId "34608982"]
[BlackFideId "16261003"]
[EventCountry "GER"]
[EventRounds "9"]
[EventType "swiss"]
[EventDate "2024.05.18"]

1. c4 {[%clk 01:30:57]} {[%emt 00:00:02]} e5 {[%clk 01:28:50]} {[%emt
00:02:10]} 2. g3 {[%clk 01:30:49]} {[%emt 00:00:39]} Bc5 {[%clk 01:27:44]}
{[%emt 00:01:35]} 3. Bg2 {[%clk 01:30:37]} {[%emt 00:00:42]} Nc6 {[%clk
01:27:49]} {[%emt 00:00:25]} 4. Nc3 {[%clk 01:30:43]} {[%emt 00:00:24]} d6
{[%clk 01:27:35]} {[%emt 00:00:44]} 5. e3 {[%clk 01:30:56]} {[%emt 00:00:18]}
Nf6 {[%clk 01:26:20]} {[%emt 00:01:44]} 6. Nge2 {[%clk 01:31:00]} {[%emt
00:00:27]} O-O {[%clk 01:24:59]} {[%emt 00:01:51]} 7. O-O {[%clk 01:30:55]}
{[%emt 00:00:34]} Be6 {[%clk 01:21:42]} {[%emt 00:03:47]} 8. d4 {[%clk
01:31:06]} {[%emt 00:00:19]} exd4 {[%clk 01:13:01]} {[%emt 00:09:11]} 9. exd4
{[%clk 01:31:29]} {[%emt 00:00:08]} Nxd4 {[%clk 01:00:57]} {[%emt 00:12:34]}
10. Nxd4 {[%clk 01:31:44]} {[%emt 00:00:14]} Bxc4 {[%clk 01:01:18]} {[%emt
00:00:09]} 11. Re1 {[%clk 01:31:59]} {[%emt 00:00:16]} c6 {[%clk 00:55:42]}
{[%emt 00:06:04]} 12. Na4 {[%clk 01:29:04]} {[%emt 00:03:26]} Bb4 {[%clk
00:52:00]} {[%emt 00:04:12]} 13. Bd2 {[%clk 01:29:18]} {[%emt 00:00:16]} Bxd2
{[%clk 00:50:36]} {[%emt 00:01:53]} 14. Qxd2 {[%clk 01:29:13]} {[%emt
00:00:35]} Qd7 {[%clk 00:49:01]} {[%emt 00:02:05]} 15. b3 {[%clk 01:29:03]}
{[%emt 00:00:41]} Bd5 {[%clk 00:47:40]} {[%emt 00:01:50]} 16. Bxd5 {[%clk
01:28:34]} {[%emt 00:00:59]} Nxd5 {[%clk 00:48:00]} {[%emt 00:00:11]} 17. Nc3
{[%clk 01:28:43]} {[%emt 00:00:22]} Nf6 {[%clk 00:45:38]} {[%emt 00:02:51]} 18.
Ne4 {[%clk 01:27:43]} {[%emt 00:01:30]} Nxe4 {[%clk 00:44:48]} {[%emt
00:01:19]} 19. Rxe4 {[%clk 01:27:39]} {[%emt 00:00:34]} Rfe8 {[%clk 00:40:55]}
{[%emt 00:04:24]} 20. Rae1 {[%clk 01:27:42]} {[%emt 00:00:27]} Rxe4 {[%clk
00:41:10]} {[%emt 00:00:15]} 21. Rxe4 {[%clk 01:27:53]} {[%emt 00:00:18]} d5
{[%clk 00:39:32]} {[%emt 00:02:09]} 22. Re3 {[%clk 01:27:31]} {[%emt 00:00:52]}
c5 {[%clk 00:38:00]} {[%emt 00:02:03]} 23. Nf3 {[%clk 01:24:17]} {[%emt
00:03:44]} d4 {[%clk 00:37:41]} {[%emt 00:00:49]} 24. Re5 {[%clk 01:18:52]}
{[%emt 00:05:55]} b6 {[%clk 00:36:41]} {[%emt 00:01:30]} 25. Qe1 {[%clk
01:18:54]} {[%emt 00:00:28]} h6 {[%clk 00:32:30]} {[%emt 00:04:41]} 26. Re7
{[%clk 01:18:40]} {[%emt 00:00:43]} Qd5 {[%clk 00:29:22]} {[%emt 00:03:38]} 27.
Qe4 {[%clk 01:18:22]} {[%emt 00:00:49]} Qxe4 {[%clk 00:29:20]} {[%emt
00:00:30]} 28. Rxe4 {[%clk 01:18:49]} {[%emt 00:00:04]} Kf8 {[%clk 00:29:33]}
{[%emt 00:00:17]} 29. Kf1 {[%clk 01:18:19]} {[%emt 00:00:59]} f5 {[%clk
00:27:45]} {[%emt 00:02:19]} 30. Re5 {[%clk 01:18:21]} {[%emt 00:00:29]} g6
{[%clk 00:27:53]} {[%emt 00:00:21]} 31. Rd5 {[%clk 01:18:27]} {[%emt 00:00:24]}
Ke7 {[%clk 00:27:49]} {[%emt 00:00:34]} 32. Re5+ {[%clk 01:18:42]} {[%emt
00:00:16]} Kd6 {[%clk 00:26:25]} {[%emt 00:01:53]} 33. Ke1 {[%clk 01:18:40]}
{[%emt 00:00:32]} a5 {[%clk 00:24:33]} {[%emt 00:02:22]} 34. Kd2 {[%clk
01:18:35]} {[%emt 00:00:36]} a4 {[%clk 00:21:55]} {[%emt 00:03:08]} 35. Kd3
{[%clk 01:16:53]} {[%emt 00:02:12]} axb3 {[%clk 00:20:07]} {[%emt 00:02:17]}
36. axb3 {[%clk 01:17:23]} Ra2 {[%clk 00:12:09]} {[%emt 00:08:27]} 37. Re2
{[%clk 01:17:22]} {[%emt 00:00:31]} Ra1 {[%clk 00:07:24]} {[%emt 00:05:15]} 38.
Nd2 {[%clk 01:16:46]} {[%emt 00:01:06]} Kd5 {[%clk 00:02:45]} {[%emt 00:05:10]}
39. f4 {[%clk 01:16:38]} {[%emt 00:00:37]} Rh1 {[%clk 00:01:52]} {[%emt
00:01:23]} 40. Re5+ {[%clk 01:16:30]} {[%emt 00:00:39]} Kc6 {[%clk 00:01:39]}
{[%emt 00:00:42]} 41. Re6+ {[%clk 01:16:34]} {[%emt 00:00:26]} Kb5 {[%clk
00:01:24]} {[%emt 00:00:45]} 42. Nc4 {[%clk 01:16:01]} {[%emt 00:01:03]} Ka6
{[%clk 00:28:31]} {[%emt 00:03:28]} 43. Rxb6+ {[%clk 01:45:55]} {[%emt
00:00:36]} Ka7 {[%clk 00:28:55]} {[%emt 00:00:07]} 44. h4 {[%clk 01:45:58]}
{[%emt 00:00:26]} g5 {[%clk 00:25:49]} {[%emt 00:03:36]} 45. Rxh6 {[%clk
01:45:32]} {[%emt 00:00:56]} gxf4 {[%clk 00:25:59]} {[%emt 00:00:19]} 46. gxf4
{[%clk 01:45:48]} {[%emt 00:00:14]} Rh3+ {[%clk 00:25:52]} {[%emt 00:00:37]}
47. Kc2 {[%clk 01:46:17]} {[%emt 00:00:02]} Rf3 {[%clk 00:24:15]} {[%emt
00:02:06]} 48. Rh7+ {[%clk 01:44:51]} {[%emt 00:01:56]} Kb8 {[%clk 00:24:16]}
{[%emt 00:00:29]} 49. h5 {[%clk 01:44:25]} {[%emt 00:00:57]} Rxf4 {[%clk
00:23:54]} {[%emt 00:00:52]} 50. h6 {[%clk 01:43:13]} {[%emt 00:01:41]} Rh4
{[%clk 00:23:59]} {[%emt 00:00:25]} 51. Rf7 {[%clk 01:41:43]} {[%emt 00:02:00]}
Rxh6 {[%clk 00:23:40]} {[%emt 00:00:49]} 52. Rxf5 {[%clk 01:42:09]} {[%emt
00:00:05]} Rc6 {[%clk 00:23:13]} {[%emt 00:00:55]} 53. Na5 {[%clk 01:40:13]}
{[%emt 00:02:27]} Rc7 {[%clk 00:22:21]} {[%emt 00:01:23]} 54. Kd3 {[%clk
01:40:32]} {[%emt 00:00:11]} Kc8 {[%clk 00:21:09]} {[%emt 00:01:42]} 55. Kc4
{[%clk 01:40:17]} {[%emt 00:00:45]} Kd7 {[%clk 00:16:29]} {[%emt 00:05:10]} 56.
Rxc5 {[%clk 01:40:13]} {[%emt 00:00:35]} Rxc5+ {[%clk 00:16:50]} {[%emt
00:00:08]} 57. Kxc5 {[%clk 01:40:41]} {[%emt 00:00:02]} d3 {[%clk 00:17:11]}
{[%emt 00:00:08]} 58. Nc4 {[%clk 01:40:55]} {[%emt 00:00:40]} 1-0

[Event "ODJM B 2024"]
[Site "Willingen GER"]
[Date "2024.05.19"]
[Round "1"]
[White "Symanski, Linda"]
[Black "Duchstein, Anna"]
[Result "1/2-1/2"]
[Termination "normal"]
[Board "28"]
[WhiteElo "1542"]
[BlackElo "1715"]
[WhiteClock "00:28:15"]
[BlackClock "00:26:16"]
[PlyCount "44"]
[WhiteFideId "16284534"]
[BlackFideId "16261372"]
[EventCountry "GER"]
[EventRounds "9"]
[EventType "swiss"]
[EventDate "2024.05.18"]

1. d4 {[%clk 01:30:57]} {[%emt 00:00:02]} d5 {[%clk 01:30:53]} {[%emt
00:00:08]} 2. c4 {[%clk 01:31:23]} {[%emt 00:00:04]} c6 {[%clk 01:30:53]}
{[%emt 00:00:30]} 3. Nc3 {[%clk 01:31:47]} {[%emt 00:00:06]} Nf6 {[%clk
01:30:30]} {[%emt 00:00:52]} 4. e3 {[%clk 01:32:08]} {[%emt 00:00:10]} e6
{[%clk 01:29:57]} {[%emt 00:01:03]} 5. Nf3 {[%clk 01:32:16]} {[%emt 00:00:22]}
Bd6 {[%clk 01:27:28]} {[%emt 00:02:59]} 6. Qc2 {[%clk 01:31:46]} {[%emt
00:00:59]} Nbd7 {[%clk 01:25:56]} {[%emt 00:02:03]} 7. g4 {[%clk 01:31:53]}
{[%emt 00:00:23]} Nxg4 {[%clk 01:15:59]} {[%emt 00:10:27]} 8. Rg1 {[%clk
01:31:11]} {[%emt 00:01:12]} Nxh2 {[%clk 01:04:39]} {[%emt 00:11:50]} 9. Nxh2
{[%clk 01:30:06]} {[%emt 00:01:34]} Bxh2 {[%clk 01:04:46]} {[%emt 00:00:23]}
10. Rxg7 {[%clk 01:29:07]} {[%emt 00:01:29]} Qh4 {[%clk 01:01:02]} {[%emt
00:04:14]} 11. cxd5 {[%clk 01:16:39]} {[%emt 00:12:59]} cxd5 {[%clk 00:55:14]}
{[%emt 00:06:19]} 12. Nb5 {[%clk 01:11:13]} {[%emt 00:05:55]} a6 {[%clk
00:52:00]} {[%emt 00:03:43]} 13. Nc7+ {[%clk 01:07:57]} {[%emt 00:03:47]} Bxc7
{[%clk 00:52:18]} {[%emt 00:00:12]} 14. Qxc7 {[%clk 01:08:19]} {[%emt
00:00:07]} Qf6 {[%clk 00:50:39]} {[%emt 00:02:09]} 15. Qg3 {[%clk 00:57:53]}
{[%emt 00:10:57]} Qe7 {[%clk 00:39:47]} {[%emt 00:11:21]} 16. Rg8+ {[%clk
00:53:27]} {[%emt 00:04:57]} Rxg8 {[%clk 00:40:08]} {[%emt 00:00:09]} 17. Qxg8+
{[%clk 00:53:50]} {[%emt 00:00:06]} Nf8 {[%clk 00:37:42]} {[%emt 00:02:57]} 18.
Bd2 {[%clk 00:52:08]} {[%emt 00:02:12]} Bd7 {[%clk 00:36:45]} {[%emt 00:01:26]}
19. a3 {[%clk 00:50:25]} {[%emt 00:02:14]} a5 {[%clk 00:36:58]} {[%emt
00:00:18]} 20. Rc1 {[%clk 00:48:22]} {[%emt 00:02:31]} b5 {[%clk 00:33:42]}
{[%emt 00:03:46]} 21. Rc7 {[%clk 00:34:36]} {[%emt 00:14:17]} Qd8 {[%clk
00:28:20]} {[%emt 00:05:52]} 22. Rc5 {[%clk 00:28:15]} {[%emt 00:06:51]} Qb6
{[%clk 00:26:16]} {[%emt 00:02:19]} 1/2-1/2

[Event "ODJM B 2024"]
[Site "Willingen GER"]
[Date "2024.05.19"]
[Round "1"]
[White "Studzinski, Bruno"]
[Black "Hoffmann, Svenja"]
[Result "1-0"]
[Termination "normal"]
[Board "29"]
[WhiteElo "1815"]
[BlackElo "1621"]
[WhiteClock "00:13:04"]
[BlackClock "00:28:16"]
[PlyCount "71"]
[WhiteFideId "16296478"]
[BlackFideId "16287312"]
[EventCountry "GER"]
[EventRounds "9"]
[EventType "swiss"]
[EventDate "2024.05.18"]

1. d4 {[%clk 01:30:57]} {[%emt 00:00:02]} Nf6 {[%clk 01:30:49]} {[%emt
00:00:12]} 2. Bf4 {[%clk 01:31:22]} {[%emt 00:00:05]} g6 {[%clk 01:31:07]}
{[%emt 00:00:11]} 3. h3 {[%clk 01:31:43]} {[%emt 00:00:10]} Bg7 {[%clk
01:30:30]} {[%emt 00:01:07]} 4. e3 {[%clk 01:32:06]} {[%emt 00:00:06]} d6
{[%clk 01:29:57]} {[%emt 00:01:03]} 5. Nf3 {[%clk 01:32:19]} {[%emt 00:00:17]}
Nbd7 {[%clk 01:29:11]} {[%emt 00:01:17]} 6. Be2 {[%clk 01:32:30]} {[%emt
00:00:18]} O-O {[%clk 01:28:38]} {[%emt 00:01:03]} 7. O-O {[%clk 01:32:58]}
{[%emt 00:00:03]} Re8 {[%clk 01:28:22]} {[%emt 00:00:45]} 8. a4 {[%clk
01:32:04]} {[%emt 00:01:24]} c5 {[%clk 01:24:54]} {[%emt 00:03:59]} 9. c3
{[%clk 01:22:57]} {[%emt 00:09:36]} b6 {[%clk 01:21:44]} {[%emt 00:03:40]} 10.
Nbd2 {[%clk 01:20:55]} {[%emt 00:02:32]} e5 {[%clk 01:20:07]} {[%emt 00:02:07]}
11. Bh2 {[%clk 01:18:51]} {[%emt 00:02:33]} Qe7 {[%clk 01:11:11]} {[%emt
00:09:27]} 12. Nc4 {[%clk 01:15:23]} {[%emt 00:03:58]} Ne4 {[%clk 01:09:36]}
{[%emt 00:02:06]} 13. Re1 {[%clk 01:11:15]} {[%emt 00:04:38]} f5 {[%clk
01:06:08]} {[%emt 00:03:57]} 14. dxe5 {[%clk 01:05:47]} {[%emt 00:05:58]} dxe5
{[%clk 01:05:44]} {[%emt 00:00:54]} 15. Qd5+ {[%clk 01:03:17]} {[%emt
00:03:00]} Qe6 {[%clk 00:55:25]} {[%emt 00:10:49]} 16. Qxa8 {[%clk 01:02:09]}
{[%emt 00:01:38]} g5 {[%clk 00:50:35]} {[%emt 00:05:20]} 17. Ncd2 {[%clk
00:56:11]} {[%emt 00:06:28]} Nxd2 {[%clk 00:46:33]} {[%emt 00:04:32]} 18. Nxd2
{[%clk 00:56:31]} {[%emt 00:00:10]} Kh8 {[%clk 00:40:43]} {[%emt 00:06:20]} 19.
Bc4 {[%clk 00:54:33]} {[%emt 00:02:28]} Qd6 {[%clk 00:40:51]} {[%emt 00:00:21]}
20. Qd5 {[%clk 00:54:56]} {[%emt 00:00:08]} Qh6 {[%clk 00:39:23]} {[%emt
00:01:57]} 21. Qf3 {[%clk 00:45:11]} {[%emt 00:10:15]} Nf6 {[%clk 00:39:03]}
{[%emt 00:00:51]} 22. Bf1 {[%clk 00:38:03]} {[%emt 00:07:37]} e4 {[%clk
00:38:55]} {[%emt 00:00:39]} 23. Qg3 {[%clk 00:33:50]} {[%emt 00:04:43]} Nh5
{[%clk 00:38:48]} {[%emt 00:00:37]} 24. Qd6 {[%clk 00:33:54]} {[%emt 00:00:26]}
Be6 {[%clk 00:38:29]} {[%emt 00:00:49]} 25. Bc4 {[%clk 00:27:45]} {[%emt
00:06:39]} Qg6 {[%clk 00:37:18]} {[%emt 00:01:41]} 26. Bb5 {[%clk 00:25:00]}
{[%emt 00:03:16]} Rf8 {[%clk 00:37:08]} {[%emt 00:00:39]} 27. Be5 {[%clk
00:24:52]} {[%emt 00:00:37]} Qf7 {[%clk 00:35:30]} {[%emt 00:02:08]} 28. Nc4
{[%clk 00:19:48]} {[%emt 00:05:33]} Nf6 {[%clk 00:34:49]} {[%emt 00:01:12]} 29.
Bxf6 {[%clk 00:16:19]} {[%emt 00:04:00]} Qxf6 {[%clk 00:34:57]} {[%emt
00:00:22]} 30. Rad1 {[%clk 00:13:22]} {[%emt 00:03:27]} f4 {[%clk 00:34:59]}
{[%emt 00:00:27]} 31. exf4 {[%clk 00:13:06]} {[%emt 00:00:47]} gxf4 {[%clk
00:35:11]} {[%emt 00:00:18]} 32. Rxe4 {[%clk 00:12:13]} {[%emt 00:01:23]} Bxc4
{[%clk 00:27:45]} {[%emt 00:07:56]} 33. Qxf6 {[%clk 00:12:30]} {[%emt
00:00:12]} Rxf6 {[%clk 00:28:06]} {[%emt 00:00:09]} 34. Bxc4 {[%clk 00:12:52]}
{[%emt 00:00:08]} Rf8 {[%clk 00:28:22]} {[%emt 00:00:15]} 35. Rd7 {[%clk
00:13:04]} {[%emt 00:00:18]} f3 {[%clk 00:28:16]} {[%emt 00:00:35]} 36. Ree7
{[%clk 00:13:04]} {[%emt 00:00:30]} 1-0

[Event "ODJM B 2024"]
[Site "Willingen GER"]
[Date "2024.05.19"]
[Round "1"]
[White "Oblender, Rudi"]
[Black "Rose, Simeon"]
[Result "1-0"]
[Termination "normal"]
[Board "30"]
[WhiteElo "1622"]
[BlackElo "1695"]
[WhiteClock "00:59:20"]
[BlackClock "00:30:13"]
[PlyCount "97"]
[WhiteFideId "34625089"]
[BlackFideId "34625062"]
[EventCountry "GER"]
[EventRounds "9"]
[EventType "swiss"]
[EventDate "2024.05.18"]

1. e4 {[%clk 01:30:57]} {[%emt 00:00:01]} e5 {[%clk 01:30:54]} {[%emt
00:00:07]} 2. Nf3 {[%clk 01:31:25]} {[%emt 00:00:03]} Nc6 {[%clk 01:31:18]}
{[%emt 00:00:06]} 3. Bb5 {[%clk 01:31:52]} {[%emt 00:00:02]} Nf6 {[%clk
01:30:38]} {[%emt 00:01:10]} 4. O-O {[%clk 01:30:43]} {[%emt 00:01:39]} Nxe4
{[%clk 01:29:45]} {[%emt 00:01:23]} 5. Re1 {[%clk 01:30:54]} {[%emt 00:00:19]}
Nd6 {[%clk 01:29:15]} {[%emt 00:01:01]} 6. Nxe5 {[%clk 01:31:00]} {[%emt
00:00:24]} Nxe5 {[%clk 01:29:15]} {[%emt 00:00:30]} 7. Rxe5+ {[%clk 01:31:27]}
{[%emt 00:00:02]} Be7 {[%clk 01:29:35]} {[%emt 00:00:10]} 8. Bf1 {[%clk
01:31:53]} {[%emt 00:00:04]} O-O {[%clk 01:29:30]} {[%emt 00:00:36]} 9. Nc3
{[%clk 01:29:19]} {[%emt 00:03:04]} Ne8 {[%clk 01:22:20]} {[%emt 00:07:40]} 10.
g3 {[%clk 01:26:36]} {[%emt 00:03:13]} c6 {[%clk 01:19:00]} {[%emt 00:03:50]}
11. Bg2 {[%clk 01:24:56]} {[%emt 00:02:09]} d5 {[%clk 01:18:42]} {[%emt
00:00:48]} 12. Re1 {[%clk 01:21:33]} {[%emt 00:03:54]} Bf5 {[%clk 01:12:54]}
{[%emt 00:06:18]} 13. d4 {[%clk 01:19:25]} {[%emt 00:02:37]} Nd6 {[%clk
01:09:25]} {[%emt 00:04:00]} 14. a4 {[%clk 01:07:50]} {[%emt 00:12:05]} a5
{[%clk 01:06:10]} {[%emt 00:03:44]} 15. b3 {[%clk 01:07:12]} {[%emt 00:01:08]}
Bf6 {[%clk 01:00:02]} {[%emt 00:06:38]} 16. Ba3 {[%clk 01:06:09]} {[%emt
00:01:32]} Qd7 {[%clk 00:53:03]} {[%emt 00:07:31]} 17. Qd2 {[%clk 01:04:30]}
{[%emt 00:02:09]} Rfe8 {[%clk 00:44:04]} {[%emt 00:09:29]} 18. Qf4 {[%clk
00:46:22]} {[%emt 00:18:37]} Ne4 {[%clk 00:39:20]} {[%emt 00:05:14]} 19. Nxe4
{[%clk 00:46:24]} {[%emt 00:00:28]} Bxe4 {[%clk 00:39:40]} {[%emt 00:00:10]}
20. Bxe4 {[%clk 00:46:43]} {[%emt 00:00:11]} Rxe4 {[%clk 00:37:14]} {[%emt
00:02:56]} 21. Rxe4 {[%clk 00:47:12]} dxe4 {[%clk 00:37:39]} {[%emt 00:00:06]}
22. Qxe4 {[%clk 00:34:30]} {[%emt 00:13:12]} Re8 {[%clk 00:35:09]} {[%emt
00:03:00]} 23. Qd3 {[%clk 00:34:32]} {[%emt 00:00:28]} Qxd4 {[%clk 00:34:40]}
{[%emt 00:01:00]} 24. Qxd4 {[%clk 00:34:40]} {[%emt 00:00:22]} Bxd4 {[%clk
00:35:09]} {[%emt 00:00:01]} 25. Rd1 {[%clk 00:35:02]} {[%emt 00:00:08]} c5
{[%clk 00:17:40]} {[%emt 00:17:59]} 26. Kf1 {[%clk 00:34:15]} {[%emt 00:01:16]}
f6 {[%clk 00:14:27]} {[%emt 00:03:44]} 27. Rd3 {[%clk 00:34:07]} {[%emt
00:00:37]} b6 {[%clk 00:12:37]} {[%emt 00:02:21]} 28. f4 {[%clk 00:31:58]}
{[%emt 00:02:38]} Re3 {[%clk 00:10:18]} {[%emt 00:02:49]} 29. Rxe3 {[%clk
00:32:03]} {[%emt 00:00:25]} Bxe3 {[%clk 00:10:46]} {[%emt 00:00:02]} 30. c3
{[%clk 00:32:18]} {[%emt 00:00:13]} g5 {[%clk 00:09:17]} {[%emt 00:02:00]} 31.
f5 {[%clk 00:28:48]} {[%emt 00:04:01]} g4 {[%clk 00:04:30]} {[%emt 00:05:17]}
32. Ke2 {[%clk 00:28:13]} {[%emt 00:01:05]} Bg1 {[%clk 00:04:44]} {[%emt
00:00:16]} 33. Bc1 {[%clk 00:27:25]} {[%emt 00:01:19]} c4 {[%clk 00:02:25]}
{[%emt 00:02:49]} 34. bxc4 {[%clk 00:27:31]} {[%emt 00:00:23]} Kf7 {[%clk
00:01:49]} {[%emt 00:01:06]} 35. Be3 {[%clk 00:27:39]} {[%emt 00:00:22]} Bxe3
{[%clk 00:02:10]} {[%emt 00:00:09]} 36. Kxe3 {[%clk 00:28:08]} Ke7 {[%clk
00:02:11]} {[%emt 00:00:30]} 37. Kf4 {[%clk 00:25:33]} {[%emt 00:03:05]} h5
{[%clk 00:02:24]} {[%emt 00:00:17]} 38. Ke4 {[%clk 00:26:00]} {[%emt 00:00:03]}
Kd6 {[%clk 00:02:31]} {[%emt 00:00:22]} 39. Kd4 {[%clk 00:25:58]} {[%emt
00:00:33]} Kc6 {[%clk 00:02:42]} {[%emt 00:00:17]} 40. c5 {[%clk 00:26:19]}
{[%emt 00:00:12]} b5 {[%clk 00:01:24]} {[%emt 00:01:48]} 41. axb5+ {[%clk
00:25:58]} {[%emt 00:00:51]} Kxb5 {[%clk 00:01:42]} {[%emt 00:00:11]} 42. Kd5
{[%clk 00:26:27]} a4 {[%clk 00:01:29]} {[%emt 00:00:43]} 43. c6 {[%clk
00:26:56]} Kb6 {[%clk 00:30:28]} {[%emt 00:01:31]} 44. Kd6 {[%clk 00:57:25]}
{[%emt 00:00:01]} a3 {[%clk 00:30:24]} {[%emt 00:00:35]} 45. c7 {[%clk
00:57:54]} Kb7 {[%clk 00:29:30]} {[%emt 00:01:24]} 46. Kd7 {[%clk 00:58:23]} a2
{[%clk 00:29:51]} {[%emt 00:00:09]} 47. c8=Q+ {[%emt 00:00:08]} Ka7 {[%clk
00:30:05]} {[%emt 00:00:15]} 48. Kc7 {[%clk 00:58:58]} {[%emt 00:00:17]} a1=N
{[%clk 00:30:13]} {[%emt 00:00:22]} 49. Qb7# {[%clk 00:59:20]} {[%emt
00:00:08]} 1-0